Ελληνική ιστορία : (αρχαία - βυζαντινή - νεωτέρα) : κατά τον νέον Νομοθ. Διάταγμα περί εισιτηρίων εξετάσεων

Αποθηκεύτηκε σε:
Λεπτομέρειες βιβλιογραφικής εγγραφής
Κύριος συγγραφέας: Χατζής, Παναγιώτης Ι.
Μορφή: Βιβλίο
Γλώσσα:Greek
Δημοσίευση: Αθήναι : Μαθητική Εστία, 1957
Έκδοση:3η έκδ.
Θέματα:
Ετικέτες: Προσθήκη ετικέτας
Δεν υπάρχουν, Καταχωρήστε ετικέτα πρώτοι!

MARC

LEADER 00000cam a2200000 i 4500
001 1/28389
008 060419s1957 gre d
035 |l 10083641 
040 |a GR-MY-UA  |b gre  |e aacr 
041 0 |a gre 
082 0 |a 949.5  |2 (22) 
100 1 |a Χατζής, Παναγιώτης Ι. 
245 1 0 |a Ελληνική ιστορία :  |b (αρχαία - βυζαντινή - νεωτέρα) : κατά τον νέον Νομοθ. Διάταγμα περί εισιτηρίων εξετάσεων /  |c Παναγιώτου Ι. Χατζή 
250 |a 3η έκδ. 
260 |a Αθήναι :   |b Μαθητική Εστία,   |c 1957 
300 |a 279 σ.;  |c 25 εκ. 
500 |a Με: Ιστορία της ανθρωπότητας / Hendrik Willem Van Loon 
521 |a "Δι'υποψηφίους παιδαγωγικών ακαδημιών και παντείου" 
650 0 0 |a History, Modern. 
651 0 |a Greece  |x History. 
852 |a INST  |b RHODES  |c KRI  |e 20060419  |h  949.5 ΧΑΤ  |p 005400030807  |q 005400030807  |t BK  |y 0 
901 |a BIBL4-2006-1 
909 |a Ρ  |b 122929 
970 |a ΚΟΖΑ  |b ΜΑΡΙΑ  |z 2006/04/19